• 首页
  • 本馆介绍
  • 公告通知
  • 最新文献
  • 馆藏检索
  • 电子资源
  • 读者导购
  • 参考咨询
  • 我的图书馆
  • 登录
  • 详细信息显示
  • 放入我的书架
  • 预约/预借图书
  • 作者相关作品
  • 分类相关作品
  • 丛书相关作品
  • 出版社相关作品

书目信息

  • 表格格式
  • 工作单格式
  • 卡片格式
题名:
远征万里
    
 
作者: 李立 著
分册:  
出版信息: 北京   人民出版社  1983
页数: 100页
开本: 19cm
丛书名:
单 册:
中图分类: K264.406.6 , K264.4
科图分类:
主题词: 二万千里长征(1934~1935) , 中国--历史
电子资源:
ISBN:
000 00717nam0 2200277 45
001 0183003684
005 20061116163816.75
010    @dCNY0.34
091    @a11001.609
100    @a19950512d1983 em y0chiy0121 ea
101 0  @achi
102    @aCN@b110000
105    @ay z 000yd
106    @ar
200 10 @a远征万里@Ayuan zheng wan li@e红二方面军长征记@f李立著
210    @a北京@c人民出版社@d1983
215    @a100页@d19cm
601 02 @a红二方面军@x史料
606    @a二万千里长征(1934~1935)
606 0  @a中国@x历史
690    @aK264.406.6@v3
690    @aK264.4
701  0 @a李立@Ali li@4著
801  0 @aCN@b上海图书馆@c20061116
801  2 @aCN@bNLC@c20040519
905    @f3@b108000-002@dK264.4@e18
    
    远征万里:红二方面军长征记/李立著.-北京:人民出版社,1983
    100页;19cm
    
    
    ISBN :CNY0.34
    
●
相关链接 在E读中查询图书 在五车中查询图书 在当当中查询图书 在豆瓣中查询图书


正题名:远征万里     索取号:K264.4/18         预约/预借

序号 登录号 条形码 馆藏地/架位号 状态 备注
1 0108000   000353076   第二样本阅览室/ [索取号:K264.4/18] 在馆    
2 0108001   000353085   第二借阅区/ [索取号:K264.4/18] 在馆    
3 0108002   000353067   密集书库/ [索取号:K264.4/18] 在馆    
唐山师范学院图书馆 欢迎您!
大连网信软件有限公司© 版权所有